LEADER 01188cam0-22003851i-450 001 990005472460203316 005 20180626122435.0 035 $a000547246 035 $aUSA01000547246 035 $a(ALEPH)000547246USA01 035 $a000547246 100 $a20010829d1986-------|0itac50------ba 101 $aita 102 $aIT 105 $a|||| ||||| 200 1 $aAmerica oltre il boom$ebilanci e prospettive dell'economia Usa dopo cinque anni di amministrazione Reagan$fEnzo Grilli... [et al.] 210 $aMilano$cIl Sole 24 Ore$d1986 215 $a315 p.$d21 cm 606 $aEconomia$xStoria$yStati Uniti$2BNCF 676 $a330.8 700 1$aGRILLI,$bEnzo$0122441 801 $aIT$bSOL$c20120104 912 $a990005472460203316 950 $aDIP.TO SCIENZE ECONOMICHE - (SA)$dDS 300 330.8 GRI$e1728 DISES 951 $a300 330.8 GRI$b1728 DISES 951 $aXV.14.C. 66$b263937 L.M.$cXV.14.C.$d414638 959 $aBK 969 $aDISES 969 $aFVIG 979 $c20121027$lUSA01$h1532 979 $c20121027$lUSA01$h1613 979 $aPATRY$b90$c20130312$lUSA01$h1707 996 $aAmerica oltre il boom$9498734 997 $aUNISA NUM $aUSA7510 LEADER 00887nam2-22003011i-450 001 990005404670203316 005 20190716091903.0 010 $a0-333-46713-2 035 $a000540467 035 $aUSA01000540467 035 $a(ALEPH)000540467USA01 100 $a20010829d1988----km y1itay5003----ba 101 0 $aeng 102 $aGB 200 1 $a<<1.: >> Basic issues$fedited by Kennet J. Arrow 210 $aHoundmills$cMacmillan Press$dc1988 215 $aXXII, 297 p.$d22 cm 461 1$1001990005400010203316$12001$a<> balance between industry and agriculture in economic development$v1 606 0 $aSviluppo economico$2BNCF 676 $a330.9 702 1$aARROW,$bKenneth. J. 801 0$aIT$bSOL$c20120104 912 $a990005404670203316 951 $a300 330.9 BAL$b3676 DISES 959 $aBK 969 $aDISES 996 $aBasic issues$91141520 997 $aUNISA LEADER 02359oam 2200661zu 450 001 9910465206103321 005 20210721060635.0 010 $a0-8389-9476-8 010 $a0-8389-1163-3 035 $a(CKB)2560000000321704 035 $a(SSID)ssj0001690714 035 $a(PQKBManifestationID)16539177 035 $a(PQKBTitleCode)TC0001690714 035 $a(PQKBWorkID)13209473 035 $a(PQKB)25078806 035 $a(MiAaPQ)EBC6166808 035 $a(EXLCZ)992560000000321704 100 $a20160829d2013 uy 101 0 $aeng 181 $ctxt 182 $cc 183 $acr 200 10$aMultiethnic Books for the Middle-School Curriculum 210 31$a[Place of publication not identified]$cALA Editions an imprint of the American Library Association$d2013 300 $aBibliographic Level Mode of Issuance: Monograph 606 $aMiddle school students$xBooks and reading$zUnited States$vBibliography 606 $aMiddle school libraries 606 $aJunior high school students$xBooks and reading$zUnited States$vBibliography 606 $aMulticulturalism in literature$xBooks and reading$zUnited States$vBibliography 606 $aReading (Middle school)$zUnited States$vBibliography 606 $aYoung adult literature$zUnited States$vBibliography 606 $aCultural pluralism in literature$vBook lists 606 $aEthnic groups in literature 606 $aMinorities in literature 606 $aTeenagers 606 $aBibliography - General$2HILCC 606 $aGeneral$2HILCC 615 0$aMiddle school students$xBooks and reading 615 0$aMiddle school libraries 615 0$aJunior high school students$xBooks and reading 615 0$aMulticulturalism in literature$xBooks and reading 615 0$aReading (Middle school) 615 0$aYoung adult literature 615 0$aCultural pluralism in literature 615 0$aEthnic groups in literature 615 0$aMinorities in literature 615 0$aTeenagers 615 7$aBibliography - General 615 7$aGeneral 676 $a028.5/5 700 $aJones$b Cherri$0881154 702 $aJones$b Cherri 702 $aPetty$b J. B 801 0$bPQKB 906 $aBOOK 912 $a9910465206103321 996 $aMultiethnic Books for the Middle-School Curriculum$91967923 997 $aUNINA